| 000 | 00633nam a2200241Ia 4500 | ||
|---|---|---|---|
| 003 | OSt | ||
| 005 | 20221005132829.0 | ||
| 006 | a|||||r|||| 00| 0 | ||
| 007 | ta | ||
| 008 | 221004b |||||||| |||| 00| 0 mal d | ||
| 024 | _a55116 | ||
| 037 | _cTextual | ||
| 040 |
_aCRL _cCRL _bmal |
||
| 041 |
_2mal _amal |
||
| 082 | _aO32,1M78x, 33K6 | ||
| 100 |
_aVallatthol Au. _9641726 |
||
| 245 | 0 | _aVallatthol kavithegalu | |
| 260 | _c1966 | ||
| 650 |
_a MALAYALAM POETRY _9185636 |
||
| 650 |
_aMALAYALAM LITERATURE _938866 |
||
| 942 |
_hO32,1M78x, 33K6 _cTEXL _2cc |
||
| 999 |
_c1064959 _d1064959 |
||